<?xml version="1.0" encoding="UTF-8"?>
<record
    xmlns:xsi="http://www.w3.org/2001/XMLSchema-instance"
    xsi:schemaLocation="http://www.loc.gov/MARC21/slim http://www.loc.gov/standards/marcxml/schema/MARC21slim.xsd"
    xmlns="http://www.loc.gov/MARC21/slim">

  <leader>01033nam a22001817a 4500</leader>
  <controlfield tag="008">160525b        xxu||||| |||| 00| 0 eng d</controlfield>
  <datafield tag="020" ind1=" " ind2=" ">
    <subfield code="a">8591909704</subfield>
  </datafield>
  <datafield tag="020" ind1=" " ind2=" ">
    <subfield code="a">9788591909704 </subfield>
  </datafield>
  <datafield tag="082" ind1=" " ind2=" ">
    <subfield code="a">701.13</subfield>
    <subfield code="b">M582e</subfield>
  </datafield>
  <datafield tag="100" ind1=" " ind2=" ">
    <subfield code="a">Andr&#xE9; Campos Mesquita</subfield>
    <subfield code="9">5026</subfield>
  </datafield>
  <datafield tag="245" ind1=" " ind2=" ">
    <subfield code="a">Esperar n&#xE3;o &#xE9; saber</subfield>
    <subfield code="b">arte entre o sil&#xEA;ncio e a evid&#xEA;ncia</subfield>
    <subfield code="c">Andr&#xE9; Campos Mesquita</subfield>
  </datafield>
  <datafield tag="260" ind1=" " ind2=" ">
    <subfield code="a">S&#xE3;o Paulo</subfield>
    <subfield code="b">Andr&#xE9; Luiz Mesquita</subfield>
    <subfield code="c">2015</subfield>
  </datafield>
  <datafield tag="300" ind1=" " ind2=" ">
    <subfield code="a">232 pag</subfield>
    <subfield code="b">ill., couv. ill</subfield>
    <subfield code="c"> 23 cm.</subfield>
  </datafield>
  <datafield tag="440" ind1=" " ind2=" ">
    <subfield code="v">1 vol</subfield>
    <subfield code="9">5027</subfield>
  </datafield>
  <datafield tag="505" ind1=" " ind2=" ">
    <subfield code="t">Introducao: Desatar o silencio </subfield>
    <subfield code="t">Terror sinest&#xE9;tico</subfield>
    <subfield code="t">Entrevistas: Artur Barrio, Mario Ramiro, Marcelo Zelic </subfield>
    <subfield code="t">Saber o que nao saber </subfield>
    <subfield code="t">Entrevistas: Anna Ferrari, Pablo Ferrari, Julieta Zamorano Ferrari, Andre Wain </subfield>
    <subfield code="t">Memorias do invisivel </subfield>
    <subfield code="t">Entrevistas: Clara Ianni, Debora Maria da Silva </subfield>
    <subfield code="t">Coment&#xE1;rio Final/ Nao Acabou </subfield>
    <subfield code="t">Notas </subfield>
    <subfield code="t">Agradecimientos </subfield>
  </datafield>
  <datafield tag="650" ind1=" " ind2=" ">
    <subfield code="a">Politica - Brasil (1964-1985) / Politica - Argentina</subfield>
    <subfield code="v">Militarismo</subfield>
    <subfield code="x">Arte y sociedad- Arte y pol&#xED;tica</subfield>
    <subfield code="y">Dictadura</subfield>
    <subfield code="z">Brasi - Argentina </subfield>
    <subfield code="9">5028</subfield>
  </datafield>
  <datafield tag="700" ind1=" " ind2=" ">
    <subfield code="a">Andr&#xE9; Campos Mesquita</subfield>
    <subfield code="9">5029</subfield>
  </datafield>
  <datafield tag="999" ind1=" " ind2=" ">
    <subfield code="c">915</subfield>
    <subfield code="d">915</subfield>
  </datafield>
  <datafield tag="952" ind1=" " ind2=" ">
    <subfield code="0">0</subfield>
    <subfield code="1">0</subfield>
    <subfield code="2">ddc</subfield>
    <subfield code="4">0</subfield>
    <subfield code="7">0</subfield>
    <subfield code="a">LV</subfield>
    <subfield code="b">LV</subfield>
    <subfield code="c">Pensamiento</subfield>
    <subfield code="d">2016-05-25</subfield>
    <subfield code="l">0</subfield>
    <subfield code="o">701.13 M582e</subfield>
    <subfield code="p">004186</subfield>
    <subfield code="r">2016-05-25 00:00:00</subfield>
    <subfield code="w">2016-05-25</subfield>
    <subfield code="y">01</subfield>
  </datafield>
</record>
